Top 10 najbardziej otyłych stanów USA - Statystyki

Ogólne statystyki
  • Ten quiz został rozwiązany 702 razy
  • Średni wynik to 4 z 11
Statystyki odpowiedzi
% Stan % Poprawnych
33.7 Teksas
84%
35.7 Alabama
47%
35.5 Luizjana
34%
37.3 Missisipi
34%
34.2 Kentucky
32%
32.8 Oklahoma
30%
32.5 Michigan
28%
35.7 Arkansas
27%
32.5 Indiana
24%
34.8 Tennessee
23%
37.7 Wirginia Zachodnia
15%
Nie znaleziono quizów pasujących do podanych kryteriów
Rozkład punktacji
Procent ludzi z każdym wynikiem
Percentyl według liczby udzielonych odpowiedzi
Twoja historia wyników
Nie rozwiązałeś tego quizu